Les expressions françaises - Statistiques

Statistiques générales
  • Ce quiz a été pris 8 609 fois
    8 608 depuis la dernière actualisation
  • Le résultat moyen est 13 sur 25
Statistiques - réponses
Mot manquant % Correct
L'habit ne fait pas le moine
98%
Chercher midi à quatorze heures
96%
Quand les poules auront des dents
90%
Mettre la charrue avant les boeufs
86%
Tourner sept fois sa langue dans sa bouche
82%
Mettre du beurre dans les épinards
79%
Pleuvoir comme vache qui pisse
76%
N'avoir pas froid aux yeux
70%
Avoir le compas dans l'oeil
68%
Mettre les pieds dans le plat
68%
Occupe toi de tes oignons
64%
Ne pas avoir les yeux en face des trous
64%
Battre le fer pendant qu'il est chaud
62%
Au royaume des aveugles les borgnes sont rois
44%
Une hirondelle ne fait pas le printemps
36%
Un homme averti en vaut deux
32%
Tant va la cruche à l’eau qu’à la fin elle se casse
31%
L' enfer est pavé de bonnes intentions
29%
Ne pas valoir un pet de lapin
26%
Avoir des oursins dans les poches
25%
Enfoncer des portes ouvertes
20%
Faire des économies de bouts de chandelle
15%
Etre en odeur de sainteté
14%
Se marrer comme un bossu
8%
A beau mentir qui vient de loin
2%
Aucun quiz correspondant
Distribution des résultats
% des personnes avec chaque résultat
Percentile par nombre de réponses
Votre historique - résultats
Vous n’avez pas pris ce quiz depuis la dernière actualisation